Statystyki dla Miasta wysunięte najbardziej na południe

Kliknij tutaj aby rozwiązać quiz!

Ogólne statystyki

  • Ten quiz został rozwiązany 1 835 razy
  • Średni wynik to 11 z 25

Statystyki odpowiedzi

°SLudnośćMiasto% Poprawnych
33,875,0 mlnSydney
91%
34,6116,0 mlnBuenos Aires
88%
26,2013,1 mlnJohannesburg / Pretoria
83%
33,447,2 mlnSantiago
80%
33,924,1 mlnKapsztad
74%
22,9112,7 mlnRio de Janeiro
72%
37,824,5 mlnMelbourne
67%
23,5621,9 mlnSao Paulo
67%
34,881,8 mlnMontevideo
65%
31,952,0 mlnPerth
56%
36,881,5 mlnAuckland
51%
25,312,3 mlnAsunción
37%
27,472,9 mlnBrisbane
34%
34,931,3 mlnAdelaide
31%
25,582,3 mlnMaputo
29%
32,971,4 mlnRosario
24%
29,863,3 mlnDurban
23%
25,443,3 mlnKurytyba
20%
30,034,1 mlnPorto Alegre
19%
33,951,3 mlnPort Elizabeth
18%
23,961,7 mlnSantos
12%
31,411,6 mlnKordoba
11%
32,891,1 mlnMendoza
11%
33,051,0 mlnValparaíso
8%
36,821,0 mlnConcepción
7%

Rozkład punktacji

Percentyl według liczby udzielonych odpowiedzi

Procent ludzi z każdym wynikiem

Twoja historia wyników

Nie rozwiązałeś tego quizu